000 00421nam a2200181Ia 4500
001 10037
005 20260306161802.0
008 260306t1979||||xx |||||||||||||| ||spa||
041 _aESP
082 _aPE 869.5682
_bA36
100 _aAlbarracĂ­n Millan, Juan
_eAUT
245 0 _aAlcides Arguedas
260 _c1979
300 _a340 páginas :
_ccm.
650 _aGEN
654 _aCHU
942 _cLIB
_dJUS
_fJUS
_2ddc
_n
999 _c10037
_d10037